Oxford reading in indian art / (Record no. 153842)

MARC details
000 -LEADER
fixed length control field 00652nam a22002057a 4500
005 - DATE AND TIME OF LATEST TRANSACTION
control field 20180711145912.0
010 ## - LCCN (DPL NO)
LC control number ENG-123445
020 ## - INTERNATIONAL STANDARD BOOK NUMBER
Terms of availability 1995.00
International Standard Book Number 9780199469420
035 ## - SYSTEM CONTROL NUMBER
System control number EN-106977
037 ## - SOURCE OF ACQUISITION
Source of stock number/acquisition DBAD/PUB.
082 ## - DEWEY DECIMAL CLASSIFICATION NUMBER
Classification number 709.54
245 ## - TITLE STATEMENT
Title Oxford reading in indian art /
Statement of responsibility, etc ed. by B.N. Goswamy [and] Vrinda Agarwal
260 ## - PUBLICATION, DISTRIBUTION, ETC. (IMPRINT)
Place of publication, distribution, etc New Delhi
Name of publisher, distributor, etc Oxford University Press
Date of publication, distribution, etc 2018
270 ## - ADDRESS
Address 2/11, Ground Floor, Ansari Road, Daryaganj,
City New Delhi
Postal code 110002
300 ## - PHYSICAL DESCRIPTION
Extent xix,535p.
Dimensions 24cm(Hb)
500 ## - GENERAL NOTE
General note It includes bibliography
700 ## - ADDED ENTRY--PERSONAL NAME
Personal name Goswamy B.N.
700 ## - ADDED ENTRY--PERSONAL NAME
Personal name Agarwal, Vrinda
942 ## - ADDED ENTRY ELEMENTS (KOHA)
Source of classification or shelving scheme Dewey Decimal Classification
Item type English Books
Classification part 709.54
Call number suffix OXF
Holdings
Withdrawn status Lost status Not for loan Collection code Home library Current library Date acquired Source of acquisition Cost, normal purchase price Full call number Barcode Copy number Cost, replacement price Koha item type
    Not For Loan Non-fiction D.B.Act.Division Central Library 11/07/2018 DBAD/PUB 1995.00 709.54 OXF EN-106977 1 1995.00 English Books

© Delhi Public Library
Hit Counter
free hit counter